00770cam a22002414a 45000010009000000050017000090080041000260100017000670200015000840400018000990410008001170420008001250800021001330820026001541000006001801010008001862450113001942460026003079060045003339420012003789990017003909520121004071259886920180215035454.0011126s2001 pauaf if 001 0 eng  a 2001280113 a0803608756 aDLCcDLCdDLC aeng apcc a615.1024613 hog00a615.1024613 hop2211 a4 ashm10aPocket companion to accompany Davis's drug guide for nurses :cJudith Hopfer Deglin, April Hazard Vallerand.3 aDrug guide for nurses a7bcbccorigcopd2encipf20gy-gencatlg 2ddccBK c42590d42590 00102ddc40708PËKGa002b002cPËKGd2018-02-15l0o615.1024613 hopp002-2998211r2018-02-15w2018-02-15yBK